书目信息 |
| 题名: |
邓小平实事求是哲学论
|
|
| 作者: | 姚润皋 , 林源 著 | |
| 分册: | ||
| 出版信息: | 南京 南京大学出版社 1997.10 |
|
| 页数: | 257页 | |
| 开本: | 32开 | |
| 丛书名: | ||
| 单 册: | ||
| 中图分类: | A849 | |
| 科图分类: | ||
| 主题词: | 毛泽东著作--学习 , 毛泽东著作研究 | |
| 电子资源: | ||
| ISBN: | 7-305-03129-1 | |
| 000 | 00636nam0 2200217 45 | |
| 001 | 0009091535 | |
| 005 | 20000909150740.0 | |
| 010 | @a7-305-03129-1@d11.00元 | |
| 100 | @a20000909d1997 km y0chiy0120 ea | |
| 101 | 0 | @achi |
| 105 | @a z 000yy | |
| 200 | 1 | @a邓小平实事求是哲学论@ADeng Xiao Ping Shi Shi Qiu Shi Zhe Xue Lun@f姚润皋,林源著@FYao Run Gao,Lin Yuan Zhu |
| 210 | @a南京@c南京大学出版社@d1997.10 | |
| 215 | @a257页@d32开 | |
| 606 | 0 | @a毛泽东著作@x学习 |
| 606 | 0 | @a毛泽东著作研究 |
| 690 | @aA849@v3 | |
| 701 | 0 | @a姚润皋@4著 |
| 701 | 0 | @a林源@4著 |
| 801 | @aCN@bPftUser@c20000909 | |
| 905 | @b131420-424@dA849@eY283@f5 | |
| 邓小平实事求是哲学论/姚润皋,林源著.-南京:南京大学出版社,1997.10 |
| 257页;32开 |
| ISBN 7-305-03129-1:11.00元 |
| ● |
| 相关链接 |
|
|
|
正题名:邓小平实事求是哲学论
索取号:A849/Y283
 
预约/预借
| 序号 | 登录号 | 条形码 | 馆藏地/架位号 | 状态 | 备注 |
| 1 | 131420 | 201314201 | 社科库509/509社科库 5排4列3层/ [索取号:A849/Y283] | 在馆 | |
| 2 | 131421 | 201314210 | 社科库509/509社科库 5排4列3层/ [索取号:A849/Y283] | 在馆 | |
| 3 | 131422 | 201314229 | 社科库509/509社科库 5排4列3层/ [索取号:A849/Y283] | 在馆 | |
| 4 | 131423 | 201314238 | 社科库509/509社科库 5排4列3层/ [索取号:A849/Y283] | 在馆 | |
| 5 | 131424 | 201314247 | 社科库509/509社科库 5排4列3层/ [索取号:A849/Y283] | 在馆 |